000 00337nam a2200109Ia 4500
008 171211s9999 xx 000 0 und d
245 _aFerret Husbandry, Medicine and Surgery, 2nd Edition
245 _cJohn Henry Lewington BVetMed MRCVS
260 _c2007
650 _xANIMALS
856 _uhttp://down.ebook777.com/042/9780702028274.pdf
999 _c348499
_d348499